000 02095nam a2200289Ia 4500
008 130821s xx a grdd spa
040 _aCo-BoUCM
_bspa
041 0 _alat
092 _aE16N061
100 1 _aBrisson, Barnabé
_d1531-1591
242 0 0 _aSignificado, en 19 libros, de las palabras relacionadas con el derecho civil. Editados a partir de los compendios de Johannes Otto Tabor y completados con nuevas entradas
_cpor Jaohannes Christian Itter
_yspa
245 1 0 _aDe verborum quae ad ius civile pertinente significatione libri XIX ex analectis Jo. Ottonis Taboris ... editi plurimisque novis accessionibus locupletati a Jo. Christiano Ittero ...
_cBarnabas Brisonius
246 1 3 _a[Significado, en 19 libros, de las palabras relacionadas con el derecho civil. Editados a partir de los compendios de Johannes Otto Tabor y completados con nuevas entradas por Jaohannes Christian Itter]
260 _a[Lugar desconocido]
_b[Editorial desconocida]
_c[fecha desconocida]
300 _a531 folios
_bilustraciones
500 _aDetalles físicos: Sin encuadernación original, actualmente, encuadernación rígida en cartón forrado en papel jaspeado, con piel el lomo y en las esquinas, marcado con dorado en el lomo. Ejemplar mútilo, faltantes de sus primeras hojas incluida
500 _aTítulo confirmado con el inventario de 1800.
504 _aIncluye índices.
506 _aConsulta en sala.
520 _aV.1: Vocabulario alfabético de términos (palabras y expresiones) jurídicas, utilizadas principalmente en el Derecho Civil. Es también un "diccionario de autoridades", pues respalda con referencias de juristas famosos y sus obras, el uso y sign
650 _aDerecho canónico
_vDiccionarios y enciclopedias
_xObras anteriores a 1800
_912710
650 _aDerecho civil
_912711
650 _aDerecho civil
_vDiccionarios y enciclopedias
_xObras anteriores a 1800
_912711
650 _aDerecho civil
_xConceptos
_vDiccionarios y enciclopedias
_xObras anteriores a 1800
_912711
942 _cLIBRO
_a8
_e1
_2DEWEY
_h340.03
999 _c78901
_d78901